| 000 | 01025pam a2200301 a 4500 | ||
|---|---|---|---|
| 001 | 015392149 | ||
| 003 | OSt | ||
| 005 | 20161106145554.0 | ||
| 008 | 091012s2010 njua b 001 0 eng d | ||
| 020 | _a9780135070642 (pbk.) : | ||
| 020 | _a0135070643 (pbk.) : | ||
| 040 | _ct | ||
| 082 | 0 | 4 |
_a627 _222 _bHOU |
| 100 | 1 |
_99296 _aHoughtalen, Robert J. |
|
| 245 | 1 | 0 |
_aFundamentals of hydraulic engineering systems / _cRobert J. Houghtalen. |
| 250 | _a4th ed. ; international ed. / | ||
| 260 |
_aUpper Saddle River : _bPearson Education, _cc2010. |
||
| 300 |
_a492 p. : _bill. ; _c24 cm. |
||
| 500 | _aRev. ed. of Fundamentals of hydraulic engineering systems / Ned H.C. Hwang and Robert J. Houghtalen, 1996. | ||
| 500 |
_aFormerly CIP. _5Uk |
||
| 504 | _aIncludes bibliographical references and index. | ||
| 650 | 0 |
_aHydraulic engineering. _934289 |
|
| 650 | 0 |
_aHydraulics. _934290 |
|
| 653 |
_bEle _cOctober2013 |
||
| 700 | 1 |
_aHwang, Ned H. C. _99293 |
|
| 700 | 1 |
_aAkan, A. Osman. _934291 |
|
| 942 |
_2ddc _cBB _k627 HOU |
||
| 999 |
_c17707 _d17679 |
||